Normal view MARC view
  • Sahni, Sartaj

Entry Personal Name

Number of records used in: 4

001 - CONTROL NUMBER

  • control field: 60808

003 - CONTROL NUMBER IDENTIFIER

  • control field: NUST

005 - DATE AND TIME OF LATEST TRANSACTION

  • control field: 20210628202630.0

008 - FIXED-LENGTH DATA ELEMENTS

  • fixed length control field: 210628|| aca||aabn | a|a d

040 ## - CATALOGING SOURCE

  • Original cataloging agency: NUST
  • Transcribing agency: NUST

100 ## - HEADING--PERSONAL NAME

  • Personal name: Sahni, Sartaj

670 ## - SOURCE DATA FOUND

  • Source citation: Work cat.: (NUST): Sahni, Sartaj, Data structure algorithms, and applications in java, 2000
© 2023 Central Library, National University of Sciences and Technology. All Rights Reserved.